University Home | Library Home | Institutional Repository

Mental subnormality : (Record no. 149715)

MARC details
000 -LEADER
fixed length control field 00713cam0a220022900 4500
001 - CONTROL NUMBER
control field qce01785896
005 - DATE AND TIME OF LATEST TRANSACTION
control field 20190823103822.0
008 - FIXED-LENGTH DATA ELEMENTS--GENERAL INFORMATION
fixed length control field 750919s1963 enka 000 0 engx
010 ## - LIBRARY OF CONGRESS CONTROL NUMBER
LC control number 61003718
035 ## - SYSTEM CONTROL NUMBER
System control number (Sirsi) r56856
035 ## - SYSTEM CONTROL NUMBER
System control number (QCAT)lss00998769
035 ## - SYSTEM CONTROL NUMBER
System control number (UPRA)qce01785896
040 ## - CATALOGING SOURCE
Modifying agency UPRA
050 0# - LIBRARY OF CONGRESS CALL NUMBER
Classification number RC460
Item number .H3 1963
082 ## - DEWEY DECIMAL CLASSIFICATION NUMBER
Classification number 362.3
100 2# - MAIN ENTRY--PERSONAL NAME
Personal name Heaton-Ward, W. Alan (William Alan)
Fuller form of name Heaton-Ward, W. Alan (William Alan)
Linkage A15727.1
245 10 - TITLE STATEMENT
Title Mental subnormality :
Remainder of title subnormality and severe subnormality.
260 ## - PUBLICATION, DISTRIBUTION, ETC.
Place of publication, distribution, etc. Bristol [England] :
Name of publisher, distributor, etc. J. Wright,
Date of publication, distribution, etc. 1963.
650 #0 - SUBJECT ADDED ENTRY--TOPICAL TERM
Topical term or geographic name entry element Mental illness.
Linkage S11292.1
949 ## - LOCAL PROCESSING INFORMATION (OCLC)
a RC460
w lcc
i -74045
m MAIN
t BOOK
l ON-SHELF

No items available.

© 2026 - The University of Zambia Library - Koha v25.11